| 000 | 00564nam a2200205 i 4500 | ||
|---|---|---|---|
| 001 | 142823 | ||
| 003 | ES-MaACL | ||
| 005 | 20250911062655.0 | ||
| 007 | t| | ||
| 008 | 071010s1959 sp ||||1| spa d | ||
| 100 | 1 |
_aVidal Cadellans, José. _9114471 |
|
| 245 | 1 | 0 |
_aNo era de los nuestros / _cJosé Vidal Cadellans. |
| 250 | _a[1ª ed.]. | ||
| 260 |
_aBarcelona : _bDestino, _c[1959] |
||
| 300 |
_a233 p. ; _c19 cm. |
||
| 490 | 1 | _aAncora y delfín | |
| 830 | 0 | 0 |
_aÁncora y Delfín _9151298 |
| 852 |
_aES-MaACL _jC-16032 _bR.43958 |
||
| 999 |
_c142823 _d142823 |
||